00650cam a22002297a 4500003000500000005001700005008004100022010000900063011000900072035000900081040000900090082001600099100002200115245005000137260004500187300002000232490004200252650001900294650003300313650003200346830004200378CHAP20220329133406.0971013s1983 r 00010 d a5821 a6793 a6016 cCHAP a595.76bW4500aWhite, Richard E.12aA field guide to the beetles fo North America aBoston, Mass. :bHoughton Mifflin,c1983 a368 p.b: ilus. 4aThe Peterson field guide seriesv; 2914aColeópteros.14aEntomología sistemática.14aInsectosxIdentificación. 4aThe Peterson field guide seriesv; 29